Statistiques concernant Top 15 des pays avec les décès de Covid-19 - 8 septembre 2021

Cliquez ici pour prendre le quiz!

Statistiques générales

  • Ce quiz a été pris 35 fois
  • Le résultat moyen est 14 sur 25

Statistiques - réponses

pays% Correct
France
100%
Etats-Unis
97%
Italie
94%
Mexique
94%
Russie
94%
Espagne
90%
Allemagne
87%
Royaume-Uni
87%
Brésil
84%
Inde
81%
Argentine
65%
Belgique
61%
Indonésie
55%
Pérou
55%
Colombie
42%
Iran
39%
Tchèquie
26%
Slovaquie
23%
Hongrie
16%
Slovénie
16%
Croatie
13%
Bosnie-Herzégovine
10%
Bulgarie
10%
Macédoine du Nord
10%
Paraguay
10%

Distribution des résultats

Percentile par nombre de réponses

% des personnes avec chaque résultat

Votre développement - résultats

Vous n’avez pas pris ce quiz